Normal view
MARC view
Entry Personal Name
001 - CONTROL NUMBER
- control field: 68424
003 - CONTROL NUMBER IDENTIFIER
- control field:
005 - DATE AND TIME OF LATEST TRANSACTION
- control field: 20251103105647.0
008 - FIXED-LENGTH DATA ELEMENTS
- fixed length control field: 251103|| aca||aabn | a|a d
040 ## - CATALOGING SOURCE
- Original cataloging agency:
- Transcribing agency:
100 ## - HEADING--PERSONAL NAME
- Personal name: Akinwole, Tolulope
670 ## - SOURCE DATA FOUND
- Source citation: Work cat.: ()33678: The weavers Club, University of Lagos 68423, OUR legacy of madness:, 2011
